000 02590nam0a2200481 4500
001 RU\NLR\bibl\1262032
005 20260405055717.0
010 _a978-5-696-03773-8
_9300
021 _aRU
_b2008-49169
_92720
035 _a(nilc)EL/0000175125
035 _a(NLR Aleph) 001248021
090 _a301047
_c301047
100 _a20080220d2007 |||y0rusy50 ca
101 0 _arus
102 _aRU
105 _aa |||||||||
200 1 _aКочевники Урало-Казахстанских степей в VII-VI вв. до н. э.
_dThe nomads of the Ural-Kazakhstan steppe in the VII-VI centuries BC
_fА. Д. Таиров
_gМ-во образования и науки Рос. Федерации, Федер. агентство по образованию, Гос. образоват. учреждение высш. проф. образования "Юж.-Урал. гос. ун-т", Челяб. науч. центр УрО РАН, Специализир. природ.-ландшафт. и ист.-археол. центр "Аркаим"
_zeng
210 _aЧелябинск
_cИзд-во ЮУрГУ
_d2007
215 _a273, [1] с.
_cил.
_d25
300 _aРез. на англ. яз.
300 _aАвт. также на англ. яз.: A. D. Tairov
320 _aБиблиогр.: с. 234-267
510 1 _6z77790
_aThe nomads of the Ural-Kazakhstan steppe in the VII-VI centuries BC
_zeng
606 1 _aКочевники
_xАрхеологическое изучение
_yКазахстан
_z6 - 7 вв. до н.э.
_92522198
_3RU\NLR\auth\661494500
606 1 _aКочевники
_xАрхеологическое изучение
_yЗауралье Южное
_z6 - 7вв. до н.э.
_92522200
_3RU\NLR\auth\661494501
610 1 _aархеология Урала
610 1 _aархеология Казахстана
610 1 _aурало-казахстанские степи
610 1 _aкочевники Южного Урала
610 1 _aкочевники Казахстана
686 _a63.48(235.55)
_vLBC/M
_2rubbk
686 _a63.48(543)
_vLBC/M
_2rubbk
686 _a03.41.91
_2rugasnti
686 _aТ4(2)273.26
686 _aТ4(544)27
700 1 _4070
_8rus
_7ca
_aТаиров
_bА. Д.
_f1955-
_gАлександр Дмитриевич
_3RU\NLR\AUTH\7719189
_92262
790 1 _6z77510
_aTairov
_bA. D.
_gAleksandr Dmitrievič
801 0 _aRU
_bЧелябинская ОУНБ
_c20080220
801 1 _aRU
_bЧелябинская ОУНБ
_c20080220
801 2 _aRU
_bNLR
_c20080814
_grcr
942 _cBOOK
980 _aNB